000 00284nam a22001337a 4500
008 170907b xxu||||| |||| 00| 0 eng d
020 _a9780867094589
041 _aeng
080 _a070
100 _a40
101 _aMED
245 _aCINE-(TO) GRAPHY
_cBISHOP.E
942 _2udc
_cBK
999 _c26514
_d26514